Rabi'ah : pergulatan spiritual perempuan

Bibliographic Details
Main Author: Smith, Margaret
Other Authors: Baraja, Jamilah
Format: Book
Published: Surabaya : Risalah Gusti , 1997
Subjects:

MARC

LEADER 00000cam a2200000 7i4500
001 0000012580
005 20080311.0
008 071224
020 |a 9795560034 
090 0 0 |a 297.40924   |b SMI 
100 1 |a Smith, Margaret 
245 1 0 |a Rabi'ah :   |b pergulatan spiritual perempuan   |c Margaret Smith;diterjemah oleh Jamilah Baraja 
260 |a Surabaya :   |b Risalah Gusti ,   |c 1997 
600 0 |a Rabiah Al Adawiyah 
650 0 |a Sufism 
650 0 |a Sufis   |x Biography 
700 0 |a Baraja, Jamilah 
999 |a 0001008057   |b Book   |c Adult Collection   |e Perbadanan Perpustakaan Awam Johor 
999 |a 0001008058   |b Book   |c Adult Collection   |e Perbadanan Perpustakaan Awam Johor 
999 |a 0001008059   |b Book   |c Adult Collection   |e Perbadanan Perpustakaan Awam Johor